| 000 | 00667nam a2200229Ia 4500 | ||
|---|---|---|---|
| 003 | OSt | ||
| 005 | 20220927104506.0 | ||
| 006 | a|||||r|||| 00| 0 | ||
| 007 | ta | ||
| 008 | 220926b |||||||| |||| 00| 0 eng d | ||
| 024 | _a147228 | ||
| 037 | _cReference Collections | ||
| 040 |
_aRTL _cRTL _beng |
||
| 041 |
_2eng _aeng |
||
| 082 | _a"Y:5(L:5191).2t4, L9/GD" | ||
| 110 |
_a"India, Home Affair (M/0-)" _9366189 |
||
| 245 | 0 | _aCensus of death 1975 & 1976 combined) survey. 1979 | |
| 260 | _c1979 | ||
| 700 |
_a"India, Home Affair (M/0-)" _9366190 |
||
| 942 |
_h"Y:5(L:5191).2t4, L9/GD" _cCC |
||
| 999 |
_c687716 _d687716 |
||